Statistics for Chemical Formulas to Names #2

Click here to take the quiz!

General Stats

  • This quiz has been taken 13 times
  • The average score is 8 of 20

Answer Stats

Chemical FormulaHintAnswer% Correct
SiO2You'll find it in the sand on the beachSilicon Dioxide
82%
CaCO3Found in chalk, antacids, and lots of rocksCalcium Carbonate
64%
CHCl3Infamous liquid that can be used to daze or knock out victimsChloroform
55%
C6H8O7A favorite acid among lemons, limes, and orangesCitric Acid
55%
H2S"It smells like rotten eggs in here!"Hydrogen Sulfide
55%
C19H28O2Primary male sex hormoneTestosterone
55%
CH3COOHThe other component of a science-fair volcanoAcetic Acid
45%
(CH3)2CONail polish's kryptonite?Acetone
45%
C9H13NO3Doing something unnerving? You'll feel this in your bodyEpinephrine
45%
C18H24O2Primary female sex hormoneEstradiol
45%
MgSO4*7H2OLaxative and anti-inflammitory salt for athletesMagnesium Sulfate
45%
C4H8Cl2SFamous, smelly gas used in chemical warfareSulfur Mustard
45%
C6H6Large component of gasolineBenzene
36%
C13H18O2Common pain and fever reducerIbuprofen
36%
HCNCommon agent used for the Holocaust executionsHydrogen Cyanide
27%
C7H5BiO4Used to treat an upset stomachBismuth Subsalicylate
18%
CH4N2OMain nitrogen-containing substance in mammal urineUrea
18%
C10H8Can be marketed as pest-repelling tabletsNaphthalene
9%
H3CNCOMain poison in the Bhopal DisasterMethyl Isocyanate
0%
HFOne of the most feared chemicals, famously used in season 1 of Breaking BadPhenolphthalein
0%

Score Distribution

Percentile by Number Answered

Percent of People with Each Score

Your Score History

You have not taken this quiz